Statistics for 99 U.S. General Knowledge Questions of Increasing Difficulty

Click here to take the quiz!

General Stats

  • This quiz has been taken 1,206 times
    (1,197 since last reset)
  • The average score is 49 of 99

Answer Stats

%HintAnswer% Correct
99What is the only U.S. state whose name starts with the letter G?Georgia
99%
98Where did Neil Armstrong walk in 1969 that no other person had ever set foot on before?The Moon
99%
95What is the lowest and hottest valley in the United States?{Death} Valley
97%
94What animal do Buffalo Wings come from?Chicken
96%
96What nearby country has been embargoed by the United States since 1961?Cuba
96%
97What is the name of the U.S. President's office?The {Oval} Office
96%
93What former prison, located in San Francisco Bay, is called "The Rock"?Alcatraz
95%
92In what city is NASA's mission control center located?Houston
91%
87What city has a neighborhood called Little Havana?Miami
91%
88Which state is mentioned in the lyrics to the song "Take Me Home, Country Roads"?West Virginia
91%
89What street do Bert and Ernie live on?Sesame Street
89%
90What was the largest chain of video rental stores in the United States in the 1990s?Blockbuster
88%
91Whose 1995 murder trial was sometimes called the "Trial of the Century"?O.J. Simpson
87%
84On what highway can you "get your kicks"?Route 66
84%
82Who was married to both Joe DiMaggio and Arthur Miller?Marilyn Monroe
81%
68What city in Florida is named after a city in Russia?St. Petersburg
81%
81Which U.S. state pays its residents about $1000 per year?Alaska
80%
80What was made mandatory in U.S. cars in the 1960s, in part due to Ralph Nader's book "Unsafe at Any Speed"?Seatbelts
80%
83What state is called "Big Sky Country"?Montana
79%
78What is the largest library in the U.S., in terms of the size of its collection?Library of {Congress}
78%
77On what famous statue is it written "Give me your tired, your poor, your huddled masses"?The Statue of Liberty
78%
85What building was formerly known as the "Executive Mansion"?The White House
78%
86What is the name of Elvis Presley's former home in Memphis?Graceland
77%
74What criminal was famously pursued by Prohibition agent Eliot Ness?Al Capone
76%
65What language did the Pennsylvania Dutch speak?German
75%
66What area of Florida can be described as a slow-moving, 60-mile-wide river?The Everglades
75%
69Who founded Standard Oil and was the first person to be worth one billion dollars?John D. Rockefeller
73%
63In what lake did the SS Edmund Fitzgerald sink?Lake Superior
73%
71What are Big Bend, Acadia, and Joshua Tree?National Parks
72%
79Who lived at a plantation named Monticello?Thomas Jefferson
72%
76What plant which grows on Live Oak trees is, despite its name, neither a moss nor native to Spain?Spanish Moss
71%
70Which state is divided into parishes instead of counties?Louisiana
69%
61Which U.S. state was the end point of the Trail of Tears?Oklahoma
69%
75What were the Spruce Goose and the Spirit of St. Louis?Airplanes
68%
58In which state do Ducks battle Beavers?Oregon
68%
64What city was Mark Wahlberg born in?Boston
67%
72Who sang "Folsom Prison Blues"?Johnny Cash
67%
73Who shot Alexander Hamilton?Aaron Burr
66%
67What numbers begin appearing on U.S. addresses in 1963?ZIP Codes
66%
60What became, in 2013, the largest U.S. city to file for bankruptcy?Detroit
64%
62What John Steinbeck book was about poor farmers who traveled from Oklahoma to California?The Grapes of Wrath
64%
56Complete the analogy. Sooner is to Oklahoma as _______ is to Indiana.Hoosier
62%
59What branch of the military joined the Army, Navy, Marines, Air Force, and Coast Guard in 2019?Space Force
62%
52What state is home to Miami University, established in 1809?Ohio
60%
57Who, according to the Chicago Tribune, did Thomas Dewey defeat in 1948?Harry S. Truman
56%
54What are forbidden on Michigan's Mackinac Island?Cars
54%
53What cost 2 cents in 1928, 20 cents in 1981, and 55 cents in 2020?A first class stamp
53%
48Who wrote "The Star-Spangled Banner"?Francis Scott Key
51%
46What is the state food of Maryland?Blue Crabs
50%
44What was the nickname of disease-spreading cook Mary Mallon?{Typhoid} Mary
50%
45Which one of the Muppets was culinary and Nordic?The Swedish Chef
49%
51Who was known as "The Wizard of Menlo Park"?Thomas Edison
48%
55What type of videocassette lost the "format wars" to VHS in the 1980s?Betamax
47%
49At what event would you be most likely to hear the song "Pomp and Circumstance"?Graduation
46%
47What is the world’s longest system of caves?Mammoth Cave
44%
43What race is commonly referred to as "the run for the roses"?The Kentucky Derby
44%
40What architect designed the Guggenheim Museum in New York?Frank Lloyd Wright
42%
38Whose manifesto, published in 1995, starts with the line "the Industrial Revolution and its consequences have been a disaster for the human race"?Ted Kaczynski
42%
42What state symbol of Ohio is similar to a chestnut except that it is poisonous?Buckeye
41%
34What lake in Oregon is the deepest in the United States?Crater Lake
39%
50What gemstone has a blue-green color and is common in the Southwest United States?Turquoise
39%
37Near what city is the U.S. Air Force academy located?Colorado Springs
38%
35What lake can be found on the border of Vermont and New York?Lake Champlain
35%
28What, according to Yogi Berra, ain't worth a dime anymore?a Nickel
34%
41What company was nicknamed Ma Bell before it broke apart into several "Baby Bells"?AT&T
34%
10Which U.S. state has the youngest median age?Utah
32%
39What did the Minnesota Mining and Manufacturing Company officially change its name to in 2002?3M
31%
31What were Big Brown, War Emblem, and Seattle Slew?Racehorses
31%
36Whose fitness videos are called "Sweatin' to the Oldies"?Richard Simmons
29%
30What American bird, once numbering in the billions, went extinct in 1914?Passenger Pigeon
28%
29What South Dakota drug store is advertised on road signs for hundreds of miles in either direction?{Wall} Drug
27%
32Except for a brief period in 1835–1836, the U.S. has had it for its entire history. Today it's bigger than ever. What is it?The National Debt
26%
25What proposed amendment was approved by Congress in 1972, and ratified by 35 of the necessary 38 states?Equal Rights Amendment
25%
26Fill the blank in the quote: " Will it ____ in Peoria?"Play
25%
27What is the most common last name for Native Americans in the United States?Smith
25%
33What brand's slogan is "when it rains, it pours"?Morton Salt
22%
23What three-letter agency administers the 247 million acres owned by the federal government?BLM
21%
22What is the nickname of the shopping district on Michigan Avenue in Chicago?The {Magnificent} Mile
21%
19What former American politician has the middle name Danforth?Dan Quayle
17%
21What four-word anti-littering slogan can be found on Texas road signs?Don't Mess With Texas
17%
24Whose “Rules of Order” are commonly used to run meetings in the United States?Henry Martyn Robert’s
17%
20Complete the analogy. Fred is to "Wonder Years" as Ben is to ...Boy Meets World
16%
13What American woman has held the record for the heptathlon for over 25 years?Jackie Joyner-Kersee
16%
11The $500 bill features the portrait of which U.S. president?William McKinley
16%
17What was Ross Perot's middle name?Ross
15%
16What does the Herman Miller company make?Furniture
13%
15What is Buckminster Fuller famous for designing?Geodesic Domes
12%
7Which U.S. president discovered a proof to the Pythagorean Theorem?James Garfield
12%
14What composer's "Hoe-down" might you also remember from the commercial "Beef, it's what's for dinner"?Aaron Copland
11%
9American Blues musician known only by his initials instead of his first name.{W.C.} Handy
9%
18Altria has been, according to one study, the most profitable company for investors since the inception of the S&P 500. What does Altria sell?Cigarettes
8%
12What was the first social networking site to have 1 million members?Friendster
7%
8Which Hungarian-born American mathematician is considered to be one of the smartest people of all-time?John {von Neumann}
7%
4Which American agronomist led worldwide initiatives that contributed to extensive increases in agricultural production? His initiatives doubled wheat yields in South Asia - saving millions from starvation.Norman Borlaug
6%
5Which artist sang "The Ballad of the Green Berets," the #1 hit song on the U.S. Billboard charts for 1966?Sgt. Barry Sadler
5%
3Who placed #97 on Quizmaster's list of the Most Important People in History, with the hint: "Arguably influenced pop culture more than anyone else."Walt Disney
5%
6What NCAA Division III college has set basketball scoring records by rapidly shooting three-point shots and not playing defense?Grinnell
4%
2What is the largest city in the United States starting with the letter U, based on 2020 Census Estimates?Upland, CA
4%
1Which movie included Abbott & Costello's "Who's on First?" routine?The Naughty Nineties
1%

Score Distribution

Percentile by Number Answered

Percent of People with Each Score

Your Score History

You have not taken this quiz since the last reset